| 000 | 00797nam a22002417a 4500 | ||
|---|---|---|---|
| 999 |
_c64840 _d64840 |
||
| 005 | 20240530110754.0 | ||
| 008 | 181224s2018 ua g 00| 1 ara d | ||
| 017 |
_a2017/290000 _bمصر. دار الكتب |
||
| 020 | _a9789770934494 | ||
| 040 |
_aEG-CaGPL _cEG-CaGPL |
||
| 082 | 0 | 4 |
_221 _a818.03 / _bح ك |
| 100 | 1 | _aحكيم، بتريسيا | |
| 245 | 1 | 0 |
_aكلمات صمتى / _cبتريسيا حكيم، ترجمة بارعة الاحمر |
| 250 | _aط.1 | ||
| 260 |
_aالقاهرة : _bدار الشروق ، _c2018. |
||
| 300 |
_a150 ص. ؛ _c19 سم. |
||
| 650 | 0 | 7 |
_2qrmak _aالادب العربى |
| 650 | 0 | 7 |
_2qrmak _aالمذكرات |
| 651 | _2qrmak | ||
| 700 | 0 |
_aبارعة الاحمر _eمترجم |
|
| 942 |
_2ddc _cBK |
||